Normal view
MARC view
Entry Personal Name
001 - CONTROL NUMBER
- control field: 44853
003 - CONTROL NUMBER IDENTIFIER
- control field: ARRUPE
005 - DATE AND TIME OF LATEST TRANSACTION
- control field: 20190222093303.0
008 - FIXED-LENGTH DATA ELEMENTS
- fixed length control field: 190222|| aca||aabn | a|a d
040 ## - CATALOGING SOURCE
- Original cataloging agency: ARRUPE
- Transcribing agency: ARRUPE
100 ## - HEADING--PERSONAL NAME
- Personal name: Calvin, Jean,
- Dates associated with a name: 1509-1564.
- Title of a work: Institutio Christianae religionis.
670 ## - SOURCE DATA FOUND
- Source citation: Work cat.: (ARRUPE)0: Lane, A. N. S. 1081, A reader's guide to Calvin's Institutes /, c2009.